Deutsche Automarken - Sudden Death - Statistiken

Allgemein
  • Dieses Quiz wurde 3.494 mal gespielt
  • Das Durchschnittsergebnis liegt bei 5 aus 6
Answers on the Grid
Answers color-coded by a green-red scale on the quiz's grid according to % correct below.
Tesla
Ford
Hyundai
Mercedes-Benz
BYD
Volkswagen
Porsche
Renault
Skoda
Maserati
Lamborghini
BMW
Bugatti
McLaren
Bentley
Opel
Audi
Toyota
Mitsubishi
Fiat
 
Antwortstatistiken
Antwort % Korrekt
Mercedes-Benz
96%
Volkswagen
94%
BMW
92%
Audi
91%
Porsche
91%
Opel
84%
Keine übereinstimmenden Quizze gefunden
Verteilung der Resultate
Anzahl Personen mit jedem Resultat
Perzentil nach korrekt beantworteten Fragen
Ihre Resultats-Entwicklung
Sie haben dieses Quiz noch nicht gespielt